Uttar pradesh sivil seva ka sangathan avaim karya-pranali (Record no. 439126)

000 -LEADER
fixed length control field 00375cam a22001217a 4500
008 - FIXED-LENGTH DATA ELEMENTS--GENERAL INFORMATION
fixed length control field 180718b1992 xxu||||| |||| 00| 0 eng d
020 ## - INTERNATIONAL STANDARD BOOK NUMBER
International Standard Book Number 81 7054 164 6
100 ## - MAIN ENTRY--PERSONAL NAME
Personal name Sharma, Ghanshyam
245 ## - TITLE STATEMENT
Title Uttar pradesh sivil seva ka sangathan avaim karya-pranali
Statement of responsibility, etc. by Ghanshyam Sharma
260 ## - PUBLICATION, DISTRIBUTION, ETC.
Place of publication, distribution, etc. New Delhi
Name of publisher, distributor, etc. Cllasic Publishing House
Date of publication, distribution, etc. 1992
300 ## - PHYSICAL DESCRIPTION
Extent 226p.
650 ## - SUBJECT ADDED ENTRY--TOPICAL TERM
Topical term or geographic name entry element Sivil seva
Holdings
Withdrawn status Lost status Damaged status Not for loan Permanent Location Current Location Date acquired Barcode Date last seen Price effective from Koha item type
        Indian Institute of Public Administration Indian Institute of Public Administration 2010-04-23 72961 2018-07-21 2018-07-21 Book

Powered by Koha